02128cas a2200445 450000100090000000300060000900500170001500700030003200800410003501000170007601600180009302200170011103500240012803700790015204001340023104200140036505000170037908200130039621000150040922200400042424500160046426000630048030000210054331000140056436200130057844000300059150000310062150000990065250005180075153000300126961000500129965000270134965000320137665000290140870000270143771000360146477600600150077600500156078000720161011171742AUA.120130508152155.0t|731115c19739999kyuqr p 0 a0eng  a 73644873 7 a0117649692Uk a0091-829621 a(OCoLC)ocm01787681  bLorraine Pellon, Business Manager, P.O. Box 1041, New Canaan, Conn., 06840 aDLCbengcDLCdOCoLCdNSDPdNSTdAIPdNSDPdNSTdMHdOCoLCdDLCdOCoLCdATLAdOCoLCdCaQQLdZP2dOCoLCdUKMGBdUkLSOAdOCoLCdDLC apccansdp00aBV2000b.M5504a266/.0070 aMissiology 0aMissiology: An International review00aMissiology. a[Wilmore, Ky, etc.,bAmerican Society of Missiology]c2004 av.bill.c23 cm. aQuarterly0 aJul 2004 aMissiology.vVol.32, No.3 a"An international review." aVols. for published for the American Society of Missiology by Sage Publications. aContents: The missiological perspective: was the United States right to use military force against Iraq? Toward a discipline of Christian ethnomusicology: a missiological paradigm; Art, theology, and contextualization: the Armenian Orthodox experience; The HIV/AIDS pandemic: what is at stake for Christian mission? Spirit and “spirits” at the Canberra Assembly of the World Council of Churches, 1991; Reading Romans in hurricane-ravaged Honduras: a model of intercultural and interdisciplinary conversation;  aAlso issued in online ed.24aAmerican Society of Missiology.vPeriodicals. 0aMissionsvPeriodicals. 6aMissiologievPériodiques. 6aMissionsvPériodiques. aTerry C. Muck eEditor2 aAmerican Society of Missiology.1 tMissiology (Online)w(DLC) 2004221990w(OCoLC)5734693608iOnline version:tMissiologyw(OCoLC)75993361302tPractical anthropologyx0032-633Xw(DLC) 63038045w(OCoLC)1762756